Stratégie merania na súradnicových meracích strojoch - príspevok k hodnoteniu geometrických odchýlok tolerovaných útvarov vzťahovaných k základniam

Guardado en:
Detalles Bibliográficos
Autor principal: Budiský, Roman, 1985- (Autor)
Otros Autores: Králik, Marián, 1953- (Orientador)
Formato: Manuscrito Libro
Lenguaje:eslovaco
Publicado: Bratislava : STU v Bratislave SjF, 2012
Materias:
Acceso en línea:VAIS
Etiquetas: Agregar Etiqueta
Sin Etiquetas, Sea el primero en etiquetar este registro!

MARC

LEADER 00000ntm a22000003a 4500
001 stu263646
005 20150617230223.3
008 130312s2012----xo------------------slo-d
040 |a STU  |b slo 
041 0 |a slo 
044 |a xo 
100 1 |a Budiský, Roman,  |d 1985-  |4 aut  |u J0070  |U SjF Strojnícka fakulta  |T SjF Ústav výrobných systémov, enviromentálnej techniky a manažment kvality  |X 14155  |U J0070  |Y 804  |7 A000014155 
242 0 0 |a Strategies of Measurement Using Coordinate Measuring Machines – A Contribution to the Evaluation of Geometric Deviations of Tolerated Formations to Datums  |y eng 
245 1 |a Stratégie merania na súradnicových meracích strojoch - príspevok k hodnoteniu geometrických odchýlok tolerovaných útvarov vzťahovaných k základniam 
260 |a Bratislava :  |b STU v Bratislave SjF,  |c 2012 
650 7 |a kvalita produkcie  |2 stusub 
650 7 |a odchýlka polohy  |2 stusub 
700 1 |a Králik, Marián,  |d 1953-  |4 ths  |u J0070  |U SjF Strojnícka fakulta  |T SjF Ústav výrobných systémov, enviromentálnej techniky a manažment kvality  |X 2483  |U J0070  |Y 804  |7 A000002483 
856 4 |a info a plný text  |u http://is.stuba.sk/zp/portal_zp.pl?podrobnosti=71363  |3 VAIS